AC Milan All-Time Starting XI - Statistics

General Stats
  • This quiz has been taken 316 times
  • The average score is 9 of 13
Answer Stats
Position Player % Correct
DF (1984-2009) Paolo Maldini
99%
MF (2001-11) Andrea Pirlo
87%
DF (2002-12) Alessandro Nesta
86%
DF (1977-97) Franco Baresi
82%
Coach (2001-09) Carlo Ancelotti
81%
MF (2002-12) Clarence Seedorf
78%
FW (1999-2006) Andriy Shevchenko
76%
FW (1987-95) Marco Van Basten
72%
12th player (1987-94) Ruud Gullit
68%
DF (1986-2007) Alessandro Costacurta
53%
GK (1990-2002) Sebastiano Rossi
53%
MF (1960-79) Gianni Rivera
37%
FW (1949-56) Gunnar Nordahl
32%
No matching quizzes found
Score Distribution
Percent of People with Each Score
Percentile by Number Answered
Your Score History
You have not taken this quiz